| 000 | 01883nam a2200433 c 4500 | ||
|---|---|---|---|
| 003 | BLK | ||
| 005 | 20250724150342.0 | ||
| 008 | 180411b bul|||||r ||||||| ||bul|| | ||
| 010 | _aKNG00185496000 | ||
| 020 |
_a978-954-91865-3-6 _bиздат.: Полиграф комерс - (подв.) |
||
| 040 | _aBLK | ||
| 041 |
_aBUL _cBUL |
||
| 072 | 7 |
_2bullib _aН85 _xДетска художествена литература Н |
|
| 080 |
_aБългарска литература _b821.163.2 _x-93-34 _z821.163.2-93-34 |
||
| 080 |
_aИздания за деца и юноши. Книжки-картинки. Читанки. Вж и 372.4 _b087.5 _x _z087.5 |
||
| 100 |
_aРайков, Никола Руменов _d1981- _9480149 |
||
| 700 | 1 |
_aЛи Джин Янг _eхудож. _9340803 |
|
| 700 | 1 |
_aКоул, Матю _e* _9340800 |
|
| 700 | 1 |
_aДанти, Андреа _e* _958643 |
|
| 700 | 1 |
_aЗиганшин, Албърт _e* _969671 |
|
| 139 |
_aРайков, Никола _bР 27 |
||
| 245 | 1 | 0 |
_aГолямото приключение на малкото таласъмче _bПриказка-игра _cНикола Райков; худож. Ли Джин Янг; * Матю Коул; * Андреа Данти; * Албърт Зиганшин. |
| 257 | _aBGR | ||
| 260 |
_аСофия _bПолиграф комерс _c2014 |
||
| 300 |
_a54 с. _bс цв. ил. _c29 см |
||
| 380 | _aDX | ||
| 650 | 4 |
_aКниги-игри _9158798 |
|
| 653 | _aприказки | ||
| 653 | _aкниги-игри | ||
| 653 | _aлитература за деца | ||
| 653 | _aдетска литература | ||
| 659 | _aН | ||
| 852 | _aЦб ІІ 21125 | ||
| 856 | 4 |
_qpdf _u |
|
| 856 | 4 |
_qpdf _u |
|
| 942 |
_cKNG _n0 _0193 |
||
| 944 |
_aCR _c12.12.2015 _lВиолета Тройчева _k30552 |
||
| 944 |
_aED _c18.10.2016 _lф / _kЛюдмила_Стоянова |
||
| 999 |
_c176866 _d176866 |
||